| 000 | 00611nam a2200229 i 4500 | ||
|---|---|---|---|
| 001 | bg | ||
| 100 | 1 | _aLIBUŚ, Włodzimierz | |
| 245 | 0 |
_aElektrochemia / _cWłodzimierz Libuś, Zofia Libuś. |
|
| 250 | _aWyd.2. | ||
| 260 |
_aWarszawa : _bPaństwowe Wydaw. Naukowe, _c1987. |
||
| 300 |
_a278, [1] s. : _brys., wykr. ; _c24 cm. |
||
| 650 | 9 | _aElektrochemia | |
| 655 | _aPodręczniki akademickie | ||
| 700 | 1 | _aLIBUŚ, Zofia | |
| 020 | _a8301079894 | ||
| 040 | _cBPK | ||
| 041 | 0 | _apl | |
| 080 | _a544.6(075.8) | ||
| 920 | _a83-01-07989-4 | ||
| 942 | _cKS | ||
| 008 | s pl f |000 0 pol | ||
| 999 |
_c32030 _d32030 |
||
| 856 |
_uhttp://koha.tu.koszalin.pl/cgi-bin/koha/opac-detail.pl?biblionumber=32030 _yKatalog online BPK |
||